Basic legal research : (Record no. 3912)

000 -LEADER
fixed length control field 01445cam a22002894a 4500
001 - CONTROL NUMBER
control field 15566413
005 - DATE AND TIME OF LATEST TRANSACTION
control field 20160301093812.0
008 - FIXED-LENGTH DATA ELEMENTS--GENERAL INFORMATION
fixed length control field 081223s2009 txuab 001 0 eng
010 ## - LIBRARY OF CONGRESS CONTROL NUMBER
LC control number 2008055530
020 ## - INTERNATIONAL STANDARD BOOK NUMBER
International Standard Book Number 9780735576728 (pbk.)
020 ## - INTERNATIONAL STANDARD BOOK NUMBER
International Standard Book Number 9780735576735 (pbk. ; teacher's manual)
040 ## - CATALOGING SOURCE
Original cataloging agency DLC
Transcribing agency DLC
043 ## - GEOGRAPHIC AREA CODE
Geographic area code n-us---
050 00 - LIBRARY OF CONGRESS CALL NUMBER
Classification number KF240
Item number .S585 2009
082 00 - DEWEY DECIMAL CLASSIFICATION NUMBER
Classification number 340.072/073
Edition number 22
100 1# - MAIN ENTRY--PERSONAL NAME
Personal name Sloan, Amy E.,
Dates associated with a name 1964-
245 10 - TITLE STATEMENT
Title Basic legal research :
Remainder of title tools and strategies /
Statement of responsibility, etc. Amy E. Sloan.
250 ## - EDITION STATEMENT
Edition statement 4th ed.
260 ## - PUBLICATION, DISTRIBUTION, ETC. (IMPRINT)
Place of publication, distribution, etc. Austin :
Name of publisher, distributor, etc. Wolters Kluwer Law & Business ;
Place of publication, distribution, etc. New York :
Name of publisher, distributor, etc. Aspen Publishers,
Date of publication, distribution, etc. c2009.
300 ## - PHYSICAL DESCRIPTION
Extent xxix, 357 p. :
Other physical details ill., map ;
Dimensions 26 cm. +
Accompanying material teacher's manual.
500 ## - GENERAL NOTE
General note Includes index.
505 0# - FORMATTED CONTENTS NOTE
Formatted contents note Introduction to legal research -- Generating search terms -- Secondary source research -- Case research -- Research with citators -- Statutory research -- Federal legislative history research -- Federal administrative law research -- Subject-matter service research -- Electronic legal research -- Developing a research plan.
650 #0 - SUBJECT ADDED ENTRY--TOPICAL TERM
Topical term or geographic name as entry element Legal research
Geographic subdivision United States.
906 ## - LOCAL DATA ELEMENT F, LDF (RLIN)
a 7
b cbc
c orignew
d 1
e ecip
f 20
g y-gencatlg
942 ## - ADDED ENTRY ELEMENTS (KOHA)
Source of classification or shelving scheme
Koha item type Hard Covered Materials
Holdings
Withdrawn status Lost status Source of classification or shelving scheme Damaged status Not for loan Home library Current library Date acquired Source of acquisition Total Checkouts Full call number Barcode Date last seen Date last checked out Price effective from Koha item type
          MACHAKOS UNIVERSITY LIBRARY MACHAKOS UNIVERSITY LIBRARY 28/08/2015 Donation (B.F.A) 1 KF 240 .S585 2009 9718 14/10/2024 14/10/2024 28/08/2015 Hard Covered Materials
© Machakos University Library, Along The Highway, Machakos Wote Rd, Machakos, Kenya P.O. Box 136 - 90100 Machakos - Kenya

Tel: ( +254 ) 723 805829 OR Fax : 044-20353 OR Email: library@mksu.ac.ke